000
00265 a2200109 4500
001
76786
005
20260522142430.0
090
_a
76786
100
_a
20260522 pory50
200
_a
A Lã e a Neve
_f
Ferreira de Castro
210
_c
Círculo de Leitores
_d
1985
942
_c
MON